[Event "HUN-chT U18"]
[Site "Hajduboszormeny"]
[Date "2016.11.02"]
[Round "1.22"]
[White "Fodor, Balazs"]
[Black "Szabo, Andrea Erzsebet"]
[Result "1-0"]
[WhiteElo "2089"]
[BlackElo "1484"]
[PlyCount "35"]
[EventDate "2016.11.02"]
[EventType "team-swiss"]
[EventRounds "8"]
[EventCountry "HUN"]
[SourceTitle "CBM 175 Extra"]
[Source "ChessBase"]
[SourceDate "2016.12.12"]
[SourceVersion "1"]
[SourceVersionDate "2016.12.12"]
[SourceQuality "1"]

1. d4 d5 2. c4 c6 3. Nc3 Nf6 4. Nf3 e6 5. e3 Bd7 6. Qc2 Bb4 7. Bd3 dxc4 8. Bxc4 b5 9. Bd3 Qc7 10. 0-0 Bxc3 11. bxc3 Na6 12. a4 Qb7 13. Ne5 Nc7 14. Ba3 a6 15. e4 Bc8 16. Rab1 Nd7 17. f4 Nxe5 18. fxe5 1-0

[Event "Eger Agria op 40th"]
[Site "Eger"]
[Date "2016.07.21"]
[Round "5"]
[White "Szabo, Andrea Erzsebet"]
[Black "Hever, Janos"]
[Result "0-1"]
[WhiteElo "1380"]
[BlackElo "1683"]
[PlyCount "168"]
[EventDate "2016.07.18"]
[EventType "swiss"]
[EventRounds "8"]
[EventCountry "HUN"]
[SourceTitle "EXT 2020"]
[Source "ChessBase"]
[SourceDate "2019.10.17"]
[SourceVersion "1"]
[SourceVersionDate "2019.10.17"]
[SourceQuality "1"]

1. d4 Nf6 2. Nf3 d5 3. c4 c6 4. Nc3 g6 5. Bg5 Bg7 6. Bxf6 exf6 7. e3 0-0 8. Qb3 dxc4 9. Bxc4 Qb6 10. Qxb6 axb6 11. 0-0 b5 12. Bb3 Bg4 13. Nd2 Na6 14. a3 Rad8 15. h3 Be6 16. Bxe6 fxe6 17. b4 f5 18. Nb3 b6 19. Rac1 Rd6 20. Rc2 Nb8 21. f4 Nd7 22. Rfc1 Nb8 23. Kf2 Bh6 24. h4 Bg7 25. g3 Bf6 26. Kf3 h6 27. a4 bxa4 28. Nxa4 b5 29. Nac5 g5 30. hxg5 hxg5 31. Nb7 g4+ 32. Kf2 Rd7 33. N7c5 Re7 34. Na5 Rc8 35. Nab7 Rcc7 36. Nd8 Rh7 37. Kg2 Bxd8 38. Nxe6 Rcd7 39. Nc5 Rde7 40. Re2 Re8 41. Ra1 Bb6 42. Nb3 Ra7 43. Rxa7 Bxa7 44. Kf2 Na6 45. Re1 Nxb4 46. Ra1 Bb6 47. Rh1 Kg7 48. Rh5 Kg6 49. Rg5+ Kf6 50. Rh5 Nd5 51. Rh6+ Kg7 52. Rxc6 Rxe3 53. Nc5 b4 54. Rd6 b3 55. Na4 Rf3+ 56. Ke2 Bxd4 57. Rxd5 b2 58. Nxb2 Bxb2 59. Rxf5 Rxg3 60. Kf2 Rf3+ 61. Kg2 Bf6 62. Rd5 Bh4 63. Rd4 Rf2+ 64. Kg1 Kf6 65. Rd6+ Kf5 66. Rh6 Bg3 67. Rc6 Rxf4 68. Kg2 Bh4 69. Rc5+ Ke4 70. Rc2 Kd3 71. Ra2 Rc4 72. Ra3+ Rc3 73. Ra4 Rc2+ 74. Kh1 Rc4 75. Ra3+ Ke4 76. Ra2 Rc3 77. Kg2 Rd3 78. Ra6 Rd2+ 79. Kf1 Kf4 80. Ra4+ Kg3 81. Ra3+ Kh2 82. Ra2 Rf2+ 83. Rxf2+ Bxf2 84. Kxf2 g3+ 0-1

[Event "Eger Agria op 40th"]
[Site "Eger"]
[Date "2016.07.18"]
[Round "1"]
[White "Szabo, Andrea Erzsebet"]
[Black "Kovacs, Daniel1111"]
[Result "0-1"]
[WhiteElo "1380"]
[BlackElo "1972"]
[PlyCount "190"]
[EventDate "2016.07.18"]
[EventType "swiss"]
[EventRounds "8"]
[EventCountry "HUN"]
[SourceTitle "EXT 2020"]
[Source "ChessBase"]
[SourceDate "2019.10.17"]
[SourceVersion "1"]
[SourceVersionDate "2019.10.17"]
[SourceQuality "1"]

1. d4 Nf6 2. c4 g6 3. Nc3 Bg7 4. e4 d6 5. Nf3 0-0 6. Be2 b6 7. 0-0 Bb7 8. d5 Nbd7 9. Be3 Ng4 10. Qc1 Nxe3 11. Qxe3 Nf6 12. h3 e5 13. Nd2 Qe7 14. b4 Nd7 15. Rac1 f5 16. Nf3 f4 17. Qd2 g5 18. g4 h6 19. Kg2 Nf6 20. Ne1 a5 21. b5 h5 22. f3 hxg4 23. hxg4 Kf7 24. Rh1 Rh8 25. Nc2 Nd7 26. Na4 Rag8 27. Rxh8 Rxh8 28. Rh1 Rxh1 29. Kxh1 Nf8 30. Ne1 Bc8 31. Bd3 Ng6 32. Ng2 Qf8 33. Qf2 Qh8+ 34. Kg1 Qh3 35. Be2 Nf8 36. Ne1 Qh7 37. Qh2 Qg6 38. Nc3 Nd7 39. Na4 Nf6 40. Qg2 Qh6 41. Qh2 Qg6 42. Qg2 Qh7 43. Nc3 Bd7 44. a4 Be8 45. Qh2 Qg6 46. Qg2 Nd7 47. Nd3 Ke7 48. Qh3 Bf7 49. Kg2 Qf6 50. Qh7 Bg6 51. Qh3 Nf8 52. Nf2 Bf7 53. Nd3 Ng6 54. Kf2 Nh4 55. Ne1 Bg8 56. Ng2 Ng6 57. Ne1 Nf8 58. Nd3 Qf7 59. Kg2 Nd7 60. Kh2 Bf6 61. Kg2 Nb8 62. Nf2 Kd7 63. Qh5 Qxh5 64. gxh5 Ke8 65. Kh3 Kf7 66. Ng4 Bg7 67. h6 Bf8 68. Bf1 Kg6 69. Be2 Bxh6 70. Nxh6 Kxh6 71. Kg4 Kg6 72. Bd1 Nd7 73. Ne2 Bf7 74. Ng1 Be8 75. Kh3 Nf6 76. Kg2 Bd7 77. Kf2 Kh5 78. Be2 Kh4 79. Kg2 Bc8 80. Kf2 Nd7 81. Bd1 Nc5 82. Bc2 Bd7 83. Kg2 Be8 84. Kf2 Bg6 85. Kg2 g4 86. Kf2 Bh5 87. Kg2 gxf3+ 88. Nxf3+ Bxf3+ 89. Kxf3 Nd7 90. Bd1 Nf6 91. Be2 Nh7 92. Kf2 Ng5 93. Bd3 Kg4 94. Ke2 Kg3 95. Kd2 Kf3 0-1